000 00604nam a22001937a 4500
999 _c174879
_d174879
005 20200720145243.0
010 _aA-645003
020 _c100.00
_a-
035 _aA-645003
037 _bBPPD/PUB
_a-
082 _a305.4
100 _aکشو ر نا ہيد
245 _aمر د عو ر ت کا ر شتہ
_cکشو ر نا ہيد
246 _bAurat Mard Ka Rishta (Urdu)
_aby Kishwer Naheed
260 _aNew Delhi
_bAdab Publications
_c1994 ء
270 _a364 A,Chirag Delhi
_bN.Delhi
_e110017
_k-
_l-
300 _a248 ص
_c22 Cm(Hb)
942 _2ddc
_cUR
_h305.4
_mع و ر